000 00955nam a2200265Ia 4500
003 GCL
008 140319s9999 xx 000 0 ara d
040 _aGCL /
_cGCL
082 0 4 _a320.54095694
_bع ف
100 1 _aعبدالحليم عويس
245 1 0 _aالفكر اليهودى :
_bبين تأجيج الصراعات وتدمير الحضارات /
_cعبدالحليم عويس
250 _aالاولى
260 _aالقاهرة :
_bمركز الاعلام العربى ،
_c2003
300 _a252 ص ؛
_c20 سم
490 _aكتاب القدس
_v17
650 0 4 _aالماسونية واليهودية
650 0 4 _aالتوراة
650 0 4 _aالتلمود
650 0 4 _aالصهيونية
650 0 4 _aالاسلام واليهودية
650 0 4 _aبروتوكولات حكماء صهيون
650 0 4 _aالصهيونية واليهودية
650 0 4 _aالاسلام وحقوق الانسان
942 _2ddc
_cBK
999 _c8954
_d8954